000 01444nam a2200385 c 4500
001 59821
003 CO-BoRNBP
005 20251106215110.0
007 ta
008 200127s20042018ck a gr 000 0dspa d
020 _a9789587714302
020 _a9789587714319
040 _aCO-BoRNBP
_bspa
_erda
_cCO-BoRNBP
041 0 _aspa
082 0 4 _a633.88
_bM25c
_222
084 _a2018
100 _aMéndez Godoy, Rosendo
_eaut
_966753
245 1 0 _aCultivos orgánicos :
_bsu control biológico en plantas medicinales y aromáticas /
_cRosendo Méndez.
250 _aPrimera edición, Segunda edición, Tercera edición
_breimpresión
264 1 _aBogotá, Colombia :
_bEcoe Ediciones,
_c2020
300 _axvi, 171 páginas
336 _2rdacontent
_atexto
_btxt
337 _2rdamedia
_asin mediación
_bn
338 _2rdacarrier
_avolumen
_bnc
490 _aCiencias Naturales
500 _aEl material correspondiente a la dotación PNLB 2022, corresponde a la reimpresión de 2018
500 _aIncluye datos biográficos del autor en la contracarátula
504 _aIncluye referencias bibliográficas al final del texto
521 _aRecomendado para público adulto
650 0 7 _aAgricultura
_xInvestigaciones
_2lemb
_966754
650 0 7 _aPlantas aromáticas
_xCultivo
_2LEMB
_966755
650 0 7 _aPlantas aromáticas
_xUso terapéutico
_2LEMB
_966756
650 0 7 _aPlantas medicinales
_xCultivo
_2lemb
_966757
942 _2ddc
_cBK
999 _c59821
_d59821